| 000 | 00340nam a2200109Ia 4500 | ||
|---|---|---|---|
| 008 | 171204s9999 xx 000 0 und d | ||
| 245 | _aAmerica Toons In: A History of Television Animation: | ||
| 245 | _cDavid Perlmutter | ||
| 260 | _c2014 | ||
| 650 | _xTV PRODUCTION AND DIRECTION | ||
| 856 | _uhttp://down.ebook777.com/037/9780786476503.pdf | ||
| 999 |
_c346193 _d346193 |
||